आबासाहेब मालोजी सकपाळ (आंबेडकर) - भाग ५ वा (Record no. 494593)
[ view plain ]
| 000 -LEADER | |
|---|---|
| fixed length control field | 00763nam a22001937a 4500 |
| 003 - CONTROL NUMBER IDENTIFIER | |
| control field | OSt |
| 005 - DATE AND TIME OF LATEST TRANSACTION | |
| control field | 20120302151442.0 |
| 008 - FIXED-LENGTH DATA ELEMENTS--GENERAL INFORMATION | |
| fixed length control field | 091107t xxu||||| |||| 00| 0 eng d |
| 035 ## - SYSTEM CONTROL NUMBER | |
| System control number | १५९४९ |
| 040 ## - CATALOGING SOURCE | |
| Transcribing agency | मराठी |
| 100 ## - MAIN ENTRY--PERSONAL NAME | |
| Personal name | हिवराळे, सुखराम |
| 9 (RLIN) | 9848 |
| 222 ## - KEY TITLE | |
| Key title | क्रांतिकारक/ देशभक्त/ चरित्र |
| 245 ## - TITLE STATEMENT | |
| Title | आबासाहेब मालोजी सकपाळ (आंबेडकर) - भाग ५ वा |
| 250 ## - EDITION STATEMENT | |
| Edition statement | १ ली |
| 260 ## - PUBLICATION, DISTRIBUTION, ETC. (IMPRINT) | |
| Place of publication, distribution, etc | कोल्हापूर |
| Name of publisher, distributor, etc | संस्कारमाला |
| Date of publication, distribution, etc | १९९१ |
| 300 ## - PHYSICAL DESCRIPTION | |
| Other physical details | १६ पाने |
| 440 ## - SERIES STATEMENT/ADDED ENTRY--TITLE | |
| Title | प्रचार संस्कारमाला |
| 9 (RLIN) | 9849 |
| 942 ## - ADDED ENTRY ELEMENTS (KOHA) | |
| Source of classification or shelving scheme | Dewey Decimal Classification |
| Koha item type | Book |
| Withdrawn status | Lost status | Source of classification or shelving scheme | Damaged status | Not for loan | Home library | Current library | Date acquired | Cost, normal purchase price | Total Checkouts | Full call number | Barcode | Date last seen | Price effective from |
|---|---|---|---|---|---|---|---|---|---|---|---|---|---|
| Dewey Decimal Classification | Dr. Bedekar Vidya Mandir Library | Dr. Bedekar Vidya Mandir Library | 11/07/2009 | 0.00 | M923/HIV | 15949 | 03/19/2010 | 03/19/2010 |